| 000 | 00752nab a2200229u 4500 | ||
|---|---|---|---|
| 001 | 18285 | ||
| 003 | HDC | ||
| 007 | c| |||a|c|aaaa | ||
| 008 | 210225b20140804my ||||| |||| 00| 0 may d | ||
| 040 | _aHDC | ||
| 245 | 0 | _aPerkukuh pusat dagangan halal mampu tingkat nilai eksport | |
| 336 |
_atext _2rdacontent |
||
| 337 |
_acomputer _2rdamedia |
||
| 338 |
_aonline resource _2rdacarrier |
||
| 650 |
_aHalal Development Corporation (HDC) _98170 |
||
| 650 |
_ahalal hub market _917219 |
||
| 710 | _aBERITA HARIAN | ||
| 856 | _zRequest full-text at [email protected] | ||
| 942 | _2lcc | ||
| 942 | _cNEWS | ||
| 942 | _kNWSC 005064 | ||
| 999 |
_c15601 _d15601 |
||